000 00253nam a2200121Ia 4500
100 _aVas/Luiss/ R
942 _cBK
654 _adynamics
245 _aDynamics of Mind management
260 _bJaico
_aMumbai
_c1991
300 _a166
546 _aENGLISH
999 _c19505
_d19505